| 000 | 00513nam a2200157Ia 4500 | ||
|---|---|---|---|
| 003 | GCL | ||
| 008 | 140319s9999 xx 000 0 eng d | ||
| 040 |
_aGCL / _cGCL |
||
| 082 | 0 | 4 |
_aCC _b060.932 _bI F |
| 100 | 1 | _aINTERNATIONAL ASSOCIATION OF EGYPTOLOGY | |
| 245 | 1 | 0 |
_aFIFTH INTERNATIONAL CONGRESS OF EGYPTOLOGY OCTOBER 29-NOVEMBER 3, CAIRO 1988 / _cINTERNATIONAL ASSOCIATION OF EGYPTOLOGY |
| 260 |
_a[S.N] : _bINTER-ASSOC OF EGYPTOLOGY ، _c1988 |
||
| 300 | _a303 P | ||
| 650 | 0 | 4 | _aEGYPTOLOGY |
| 942 |
_2ddc _cBK |
||
| 999 |
_c20368 _d20368 |
||